Zdar list pre sokolskú výchovu

Spolkový telovýchovný časopis regionálneho charakteru

Bibliographic Details
Corporate Authors: Procházka, Karol (Publisher), Huszár, Štefan (Nitra) (tlač.)
Format: Journal
Language:Slovak
PhysicalDescription:4 čís. 23 x 15 cm
Published: Nitra Karol Procházka 1933
Subjects:

MARC

LEADER 00000nas a22000001a 4500
001 vtls010298788
003 SK-MaSNL
005 20260228162414.0
008 110809d19331933xo mr p r 0 b0slo
015 |a SNBDS17XX9999 
015 |a 0918  |2 Kipsová 1919-38 
038 |a SNKBUDS 
040 |a SNK  |b slo  |c SNK  |e AACR2 
041 0 |a slo 
044 |a xo  |c SK 
080 |a 796  |2 2001 
245 0 0 |a Zdar  |b list pre sokolskú výchovu 
260 |a Nitra  |b Karol Procházka  |c 1933 
300 |a 4 čís.  |c 23 x 15 cm 
310 |a 1x mesačne okrem júla 
362 0 |a Roč. I, č. 1 (1933)-č. 4 (1933) 
500 |a Vych. v Nitre koncom každého mesiaca okrem mesiaca júla vo formáte 23 x 15 cm; od 4/I (sept. 1933) 24 x 16 cm 
500 |a Red. Karol Procházka 
500 |a Vyd. Karol Procházka 
500 |a Tlač. [Štefan Huszár] 
500 |a Vydávanie časopisu vzal na vedomie Okresný úrad v Nitre výmerom zo dňa 5. mája 1933 pod čís. 10791/1933 
505 8 0 |g Roč. I. 1933 4 čís. 52 s. 
520 |a Spolkový telovýchovný časopis regionálneho charakteru 
650 0 7 |a šport  |2 SNKPH  |9 1042 
650 0 7 |a telovýchova  |2 SNKPH  |9 1044 
651 7 |a Nitrianska župa (Slovensko)  |x časopisy  |2 SNKBUDS  |9 270957 
655 7 |a telovýchovné a športové regionálne časopisy  |2 SNKBUDS  |9 270958 
700 1 |a Procházka, Karol  |4 red.  |9 270959 
710 0 |a Procházka, Karol  |e vydav.  |9 270960 
710 0 |a Huszár, Štefan (Nitra)  |e tlač.  |9 270961 
852 |a SNK  |b 10000  |h ČSC 707 
852 |a UKB  |b 300000  |h SD 956 
852 |a PANKP  |b 5000000  |h 54 E 7621 
999 |c 7839  |d 9769